000 00362nam a2200133Ia 4500
005 20251222141903.0
008 251222s9999||||xx |||||||||||||| ||spa||
020 _a978-84-8143-681-5
082 _a657.45/P51
100 _aPhillips, Ann W.
245 0 _aCómo Gestionar con Éxito una Auditoría Interna Conforme a ISO 9001:2008
264 _bAENOR
942 _cLIB
999 _c8131
_d8131